000
00214nam a22000857a 4500
008
170203b xxu||||| |||| 00| 0 eng d
100
_9
2758
_a
Simenaura.J.etal.
245
_a
Singles The New Anericans
260
_a
USA
_c
1983
999
_c
5948
_d
5948